Мероприятия по усилению защиты населения от террористической угрозы. (Организационные меры и исходные математические данные для проведения инженерных мероприятий); Экология и безопасность в техносфере: современные проблемы и пути решения

Bibliografiske detaljer
Parent link:Экология и безопасность в техносфере: современные проблемы и пути решения.— 2013.— [С. 359-362]
Hovedforfatter: Пеньков А. И. Александр Иванович
Institution som forfatter: Национальный исследовательский Томский политехнический университет (ТПУ) Юргинский технологический институт (филиал) (ЮТИ) Кафедра безопасности жизнедеятельности, экологии и физического воспитания (БЖДЭФВ)
Andre forfattere: Цветков И. С.
Summary:Заглавие с экрана
Sprog:russisk
Udgivet: 2013
Serier:Современные технологии ликвидации ЧС и техническое обеспечение аварийно-спасательных работ
Fag:
Online adgang:http://www.lib.tpu.ru/fulltext/c/2013/C52/114.pdf
Format: MixedMaterials Electronisk Book Chapter
KOHA link:https://koha.lib.tpu.ru/cgi-bin/koha/opac-detail.pl?biblionumber=605052

MARC

LEADER 00000naa2a2200000 4500
001 605052
005 20260220143116.0
035 |a (RuTPU)RU\TPU\conf\2337 
035 |a RU\TPU\conf\2336 
090 |a 605052 
100 |a 20140331d2013 k y0rusy50 ca 
101 0 |a rus 
102 |a RU 
135 |a drcn ---uucaa 
181 0 |a i  
182 0 |a b 
200 1 |a Мероприятия по усилению защиты населения от террористической угрозы. (Организационные меры и исходные математические данные для проведения инженерных мероприятий)  |f А. И. Пеньков, И. С. Цветков 
203 |a Текст  |c электронный 
215 |a 1 файл(250 Кб) 
225 1 |a Современные технологии ликвидации ЧС и техническое обеспечение аварийно-спасательных работ 
300 |a Заглавие с экрана 
320 |a [Библиогр.: с. 362 (4 назв.)] 
337 |a Adobe Reader 
463 1 |0 (RuTPU)RU\TPU\conf\1010  |t Экология и безопасность в техносфере: современные проблемы и пути решения  |o сборник трудов Всероссийской научно-практической конференции, г. Томск, 27-28 ноября 2013 г.  |f Национальный исследовательский Томский политехнический университет (ТПУ), Юргинский технологический институт (ЮТИ) ; под ред. В. М. Гришагина и др.  |v [С. 359-362]  |d 2013 
610 1 |a электронный ресурс 
610 1 |a труды учёных ТПУ 
610 1 |a защищенность 
610 1 |a население 
610 1 |a террористические акции 
610 1 |a организационные методы 
610 1 |a инженерные мероприятия 
700 1 |a Пеньков  |b А. И.  |c специалист в области безопасности жизнедеятельности, экологии  |c старший преподаватель Юргинского технологического института (филиал) Томского политехнического университета  |f 1963-  |g Александр Иванович  |3 (RuTPU)RU\TPU\pers\32063 
701 1 |a Цветков  |b И. С. 
712 0 2 |a Национальный исследовательский Томский политехнический университет (ТПУ)  |b Юргинский технологический институт (филиал) (ЮТИ)  |b Кафедра безопасности жизнедеятельности, экологии и физического воспитания (БЖДЭФВ)  |3 (RuTPU)RU\TPU\col\18930 
801 1 |a RU  |b 63413507  |c 20101016 
801 2 |a RU  |b 63413507  |c 20140331  |g RCR 
856 4 |u http://www.lib.tpu.ru/fulltext/c/2013/C52/114.pdf 
942 |c CF